<?xml version="1.0" encoding="UTF-8"?>
<record
    xmlns:xsi="http://www.w3.org/2001/XMLSchema-instance"
    xsi:schemaLocation="http://www.loc.gov/MARC21/slim http://www.loc.gov/standards/marcxml/schema/MARC21slim.xsd"
    xmlns="http://www.loc.gov/MARC21/slim">

  <leader>00376nam a22000977a 4500</leader>
  <datafield tag="999" ind1=" " ind2=" ">
    <subfield code="c">533344</subfield>
    <subfield code="d">533344</subfield>
  </datafield>
  <datafield tag="082" ind1=" " ind2=" ">
    <subfield code="a">N1x54 C683</subfield>
  </datafield>
  <datafield tag="245" ind1=" " ind2=" ">
    <subfield code="a">Mitra: Annual Seminar 2026: multi-domain, integrated, technologically empowered, resilient armed forces </subfield>
    <subfield code="c">by College of Defence Management</subfield>
  </datafield>
  <datafield tag="260" ind1=" " ind2=" ">
    <subfield code="a">Secunderabad</subfield>
    <subfield code="b">College of Defence Management</subfield>
    <subfield code="c">2026</subfield>
  </datafield>
  <datafield tag="300" ind1=" " ind2=" ">
    <subfield code="a">159p.</subfield>
  </datafield>
  <datafield tag="650" ind1=" " ind2=" ">
    <subfield code="a">Defence, National - India</subfield>
    <subfield code="9">60587</subfield>
  </datafield>
  <datafield tag="952" ind1=" " ind2=" ">
    <subfield code="0">0</subfield>
    <subfield code="1">0</subfield>
    <subfield code="2">ddc</subfield>
    <subfield code="4">0</subfield>
    <subfield code="6">N_1X54_C683</subfield>
    <subfield code="7">0</subfield>
    <subfield code="a">IIPA</subfield>
    <subfield code="b">IIPA</subfield>
    <subfield code="c">DISPLAY</subfield>
    <subfield code="d">2026-05-18</subfield>
    <subfield code="o">N1x54 C683</subfield>
    <subfield code="p">Gr25713</subfield>
    <subfield code="r">2026-05-18</subfield>
    <subfield code="w">2026-05-18</subfield>
    <subfield code="y">GR</subfield>
  </datafield>
</record>
